banner koha

Estudo de precocidade em mandioca [Manihot esculenta; Amido; Proteina; Raiz; Brasil] (Registro n. 274027)

MARC details
000 -LÍDER
campo de controle de tamanho fixo 01140nac a22003257a 4500
001 - NÚMERO DE CONTROLE
campo de controle BR8201747
003 - IDENTIFICADOR DO NÚMERO DE CONTROLE
campo de controle BR-BrBNA
005 - DATA E HORÁRIO DA ÚLTIMA TRANSAÇÃO
campo de controle 20240105115257.0
008 - CAMPO DE DADOS FIXOS--INFORMAÇÃO GERAL
campo de controle de tamanho fixo 230509b bl.|||m| |||| 00| 0 por d
040 ## - FONTE DA CATALOGAÇÃO
Instituição da catalogação original BR-BrBNA
Idioma da catalogação por
Instituição que transcreveu o registro Biblioteca Nacional de Agricultura
072 ## - CÓDIGO DE CATEGORIA DE ASSUNTO
Código de Categoria de Assunto F30; F60
090 ## - NÚMERO DE CHAMADA LOCAL
Número de chamada 1540 BR8201747
100 1# - ENTRADA PRINCIPAL--NOME PESSOAL
Nome pessoal Carvalho, P.C.L. de
100 1# - ENTRADA PRINCIPAL--NOME PESSOAL
Nome pessoal Ezeta, F.N.
110 1# - ENTRADA PRINCIPAL--NOME CORPORATIVO
Nome corporativo ou nome da jurisdição Centro Nacional de Pesquisa de Mandioca e Fruticultura, Cruz das Almas, BA (Brasil)
9 (RLIN) 1783
245 1# - TÍTULO
Título Estudo de precocidade em mandioca [Manihot esculenta; Amido; Proteina; Raiz; Brasil]
246 1# - FORMA VARIANTE DO TÍTULO
Título/título abreviado Study of precocity in cassava [Manihot esculenta; Starch; Protein; Root; Brazil]
260 3# - PUBLICAÇÃO, DISTRIBUIÇÃO, ETC.
Local de publicação, distribuição, etc. Cruz das Almas, BA (Brasil):
Data da publicação, distribuição, etc. 1982.
300 ## - DESCRIÇÃO FÍSICA
Extensão 3 p.
490 ## - TÍTULO DA SÉRIE
Título da série Comunicado Tecnico - Centro Nacional de Pesquisa de Mandioca e Fruticultura (Brazil)
Número do volume ou designação sequencial da série no. 2
ISSN - International Standard Serial Number ISSN 0100-8854
650 ## - ASSUNTO--TERMO TÓPICO
Cabeçalho tópico ou nome geográfico MANDIOCA
650 ## - ASSUNTO--TERMO TÓPICO
Cabeçalho tópico ou nome geográfico AMIDO
650 ## - ASSUNTO--TERMO TÓPICO
Cabeçalho tópico ou nome geográfico PROTEINA
650 ## - ASSUNTO--TERMO TÓPICO
Cabeçalho tópico ou nome geográfico PRECOCIDADE VEGETAL
650 ## - ASSUNTO--TERMO TÓPICO
Cabeçalho tópico ou nome geográfico RAIZ
650 ## - ASSUNTO--TERMO TÓPICO
Cabeçalho tópico ou nome geográfico VARIEDADE
650 ## - ASSUNTO--TERMO TÓPICO
Cabeçalho tópico ou nome geográfico COMPOSICAO QUIMICA
909 ## -
-- 202312
-- Lúcia Elande
-- 55
-- Lúcia Elande
942 ## - ELEMENTOS DE ENTRADA ADICIONADOS (KOHA)
Fonte da classificação ou esquema de arquivamento na estante Classificação AGRIS
Ocultar no OPAC Não
Tipo de material Koha Monografia Seriada
Exemplares
Situação do descarte Fonte da classificação ou esquema de arquivamento na estante Situação física Não pode ser emprestado Coleção Biblioteca de origem Biblioteca atual Localização na estante Total de empréstimos Número de telefone completo Código de barras Data de último acesso Tipo de material Koha Fonte de aquisição
  Classificação AGRIS       Biblioteca Nacional de Agricultura - Binagri Biblioteca Nacional de Agricultura - Binagri Agrobase - Acervo Geral   1540 BR8201747 1540 BR8201747 18/12/2023 Monografia Seriada Portaria Interministerial nº 164/94

BINAGRI

Telefone: (61)3218-2567/2388/3357/2097 - binagri@agro.gov.br

Ministério da Agricultura e Pecuária , Esplanada dos Ministérios, Bloco D, Anexo B, Brasília/DF, CEP: 70.043-900